|
|
|
|
| LEADER |
02279nam a2200601 a 4500 |
| 001 |
nkc20122390056 |
| 003 |
CZ PrNK |
| 005 |
20121009075913.0 |
| 007 |
ta |
| 008 |
120807s2012 xr f m 000 0 eng |
| 015 |
|
|
|a cnb002390056
|
| 020 |
|
|
|a 978-80-7454-165-0
|q (brož.)
|
| 035 |
|
|
|a (OCoLC)815382374
|
| 040 |
|
|
|a OLA001
|b cze
|d ABA001
|
| 041 |
0 |
|
|a eng
|b cze
|
| 072 |
|
7 |
|a 005
|x Management. Řízení
|2 Konspekt
|9 4
|
| 080 |
|
|
|a 316.472.4
|2 MRF
|
| 080 |
|
|
|a 005.32
|2 MRF
|
| 080 |
|
|
|a 005.331
|2 MRF
|
| 080 |
|
|
|a 005.73
|2 MRF
|
| 080 |
|
|
|a (043.3)
|2 MRF
|
| 080 |
|
|
|a (048.3)
|2 MRF
|
| 100 |
1 |
|
|a Eckenhofer, Eva Maria,
|d 1985-
|7 ola2012714337
|4 dis
|
| 245 |
1 |
0 |
|a Strategic Networking as a management tool =
|b Strategický Networking jako nástroj managementu : doctoral thesis summary /
|c author Eva Maria Eckenhofer
|
| 246 |
3 |
1 |
|a Strategický Networking jako nástroj managementu
|
| 260 |
|
|
|a Zlín :
|b Tomas Bata University in Zlín,
|c 2012
|
| 300 |
|
|
|a 31 s. ;
|c 21 cm
|
| 490 |
1 |
|
|a Doctoral thesis summary
|
| 500 |
|
|
|a "Study programme: P 6208 Economics and management"
|
| 500 |
|
|
|a 30 výt.
|
| 502 |
|
|
|a Teze disertační práce (Ph.D.)--Univerzita Tomáše Bati ve Zlíně, Fakulta managementu a ekonomiky, 2011
|
| 504 |
|
|
|a Obsahuje bibliografie
|
| 546 |
|
|
|a České resumé
|
| 650 |
0 |
7 |
|a sociální sítě
|7 ph125817
|2 czenas
|
| 650 |
0 |
7 |
|a organizační chování
|7 ph115603
|2 czenas
|
| 650 |
0 |
7 |
|a stakeholders
|7 ph395725
|2 czenas
|
| 650 |
0 |
7 |
|a kultura organizace
|7 ph135313
|2 czenas
|
| 650 |
0 |
9 |
|a social networks
|2 eczenas
|
| 650 |
0 |
9 |
|a organizational behavior
|2 eczenas
|
| 650 |
0 |
9 |
|a stakeholders
|2 eczenas
|
| 650 |
0 |
9 |
|a corporate culture
|2 eczenas
|
| 655 |
|
7 |
|a disertace
|7 fd132024
|2 czenas
|
| 655 |
|
7 |
|a teze
|7 fd133701
|2 czenas
|
| 655 |
|
9 |
|a dissertations
|2 eczenas
|
| 655 |
|
9 |
|a abstracts
|2 eczenas
|
| 710 |
2 |
|
|a Univerzita Tomáše Bati ve Zlíně.
|b Fakulta managementu a ekonomiky
|7 kn20010709196
|
| 810 |
2 |
|
|a Univerzita Tomáše Bati ve Zlíně.
|t Teze disertační práce
|0 s
|
| 910 |
2 |
|
|a BOA001
|b 2-1290.164
|
| 928 |
9 |
|
|a Univerzita Tomáše Bati ve Zlíně
|
| 990 |
|
|
|a BK
|
| 995 |
|
|
|a 01
|
| 991 |
|
|
|b 201209
|c NOV
|e n
|
| 996 |
6 |
|
|b 2610519059
|c 2-1290.164
|l MZK
|r Sklad / do 1 hodiny
|n 0
|p p.v.
|w 001271967
|u 000010
|a 1
|e BOA001
|j MZK50
|s P
|